00391 2200157 4500001002100000005001500021008004100036020002200077035001900099041000700118082000800125090001400133100002000147245002900167260003700196INLIS00000000002076020241224130912241224||||||||| | ||| |||| || |  a978-979-29-3936-1 0010-1224020760 aid0 a630 a630 CAH g0 aCahyo Saparinto00aGrow Your Own Vegetables aYogyakartabLILY PUBLISHERc2013